| 000 | 00859cam a2200265 i 4500 | ||
|---|---|---|---|
| 001 | bg | ||
| 003 | KOSZ 005 | ||
| 005 | 20191028133501.0 | ||
| 008 | 071027s1968 pl a f f 001 0 pol | ||
| 015 | _aPB 1968/9697 | ||
| 040 |
_aWA N _cKOSZ 005/RW _dKOSZ 005/RW |
||
| 080 | _a621.313 | ||
| 100 | 1 |
_aWęglarz, Józef _d(1900-1980). |
|
| 245 | 1 | 0 |
_aMaszyny elektryczne / _cJ. Węglarz. |
| 250 | _aWyd. 2. | ||
| 260 |
_aWarszawa : _bWydawnictwa Naukowo-Techniczne, _c1968. |
||
| 300 |
_a818, [2] s. : _bil. ; _c25 cm. |
||
| 380 | _aKsiążki | ||
| 504 | _aBibliogr. s. 800-[805]. Indeks. | ||
| 655 | 4 | _aPodręcznik | |
| 650 | 4 | _aMaszyny elektryczne | |
| 710 | 2 |
_aWydawnictwa Naukowo-Techniczne _4pbl. |
|
| 856 |
_uhttp://koha.tu.koszalin.pl/cgi-bin/koha/opac-detail.pl?biblionumber=6078 _yKatalog online BPK |
||
| 942 |
_2UKD _cKS |
||
| 999 |
_c6078 _d6078 |
||